[Event "Ufa-ch"]
[Site "Ufa"]
[Date "2015.01.09"]
[Round "9"]
[White "Vildanov, Ruslan"]
[Black "Ishkinin, Robert"]
[Result "1/2-1/2"]
[WhiteElo "1963"]
[BlackElo "1622"]
[PlyCount "64"]
[EventDate "2015.01.05"]
[EventType "tourn"]
[EventRounds "10"]
[EventCountry "RUS"]
[SourceTitle "CBM 164 Extra"]
[Source "ChessBase"]
[SourceDate "2015.03.02"]
[SourceVersion "1"]
[SourceVersionDate "2015.03.02"]
[SourceQuality "1"]

1. d4 d5 2. Nc3 Nf6 3. Bf4 g6 4. Qd2 Bg7 5. Bh6 Bxh6 6. Qxh6 c5 7. e3 Nc6 8. 0-0-0 cxd4 9. exd4 Qa5 10. f3 Bd7 11. Kb1 0-0-0 12. Nge2 Kb8 13. Nc1 Ka8 14. Nb3 Qc7 15. Bd3 Nb4 16. Rhe1 Nxd3 17. Rxd3 Bf5 18. Rde3 Rhe8 19. g4 Bxg4 20. fxg4 Nxg4 21. Qh3 Nxe3 22. Qxe3 Qxh2 23. Qf3 f5 24. Nxd5 Qd6 25. c4 e5 26. dxe5 Rxe5 27. Rxe5 Qxe5 28. Nc5 Qd6 29. b4 g5 30. Qxf5 Qg6 31. Qxg6 hxg6 32. Ne6 Rc8 1/2-1/2

[Event "Ufa-ch"]
[Site "Ufa"]
[Date "2015.01.08"]
[Round "8"]
[White "Vildanov, Ruslan"]
[Black "Litvinov, Maxim"]
[Result "1/2-1/2"]
[WhiteElo "1963"]
[BlackElo "2024"]
[PlyCount "86"]
[EventDate "2015.01.05"]
[EventType "tourn"]
[EventRounds "10"]
[EventCountry "RUS"]
[SourceTitle "CBM 164 Extra"]
[Source "ChessBase"]
[SourceDate "2015.03.02"]
[SourceVersion "1"]
[SourceVersionDate "2015.03.02"]
[SourceQuality "1"]

1. d4 d5 2. Nc3 Nf6 3. Bf4 Bf5 4. f3 e6 5. g4 Bg6 6. h4 h6 7. e3 Bd6 8. h5 Bh7 9. Bd3 Nc6 10. Bxh7 Nxh7 11. Nge2 Ng5 12. Bxd6 Qxd6 13. f4 Nh7 14. Qd3 Nf6 15. Rg1 Nb4 16. Qd2 Qa6 17. Nc1 Qc4 18. Nd3 Nxd3+ 19. cxd3 Qb4 20. Qc2 c5 21. a3 Qa5 22. dxc5 Qxc5 23. Qa4+ b5 24. Qd4 Qxd4 25. exd4 a6 26. Kd2 Kd7 27. b4 g6 28. hxg6 fxg6 29. a4 h5 30. gxh5 Nxh5 31. Rxg6 Nxf4 32. Rg7+ Kd6 33. axb5 axb5 34. Rxa8 Rxa8 35. Nxb5+ Kc6 36. Nc3 Rh8 37. Ke3 Rh4 38. b5+ Kb6 39. Rg8 e5 40. dxe5 d4+ 41. Kxd4 Ne2+ 42. Kd5 Nxc3+ 43. Ke6 Nxb5 1/2-1/2

[Event "Ufa-ch"]
[Site "Ufa"]
[Date "2015.01.07"]
[Round "6"]
[White "Vildanov, Ruslan"]
[Black "Mukhutdinov, Tigran"]
[Result "1/2-1/2"]
[WhiteElo "1963"]
[BlackElo "1627"]
[PlyCount "49"]
[EventDate "2015.01.05"]
[EventType "tourn"]
[EventRounds "10"]
[EventCountry "RUS"]
[SourceTitle "CBM 164 Extra"]
[Source "ChessBase"]
[SourceDate "2015.03.02"]
[SourceVersion "1"]
[SourceVersionDate "2015.03.02"]
[SourceQuality "1"]

1. d4 d5 2. Nc3 Nf6 3. Bf4 c6 4. Qd2 e6 5. e3 Bd6 6. Nf3 b6 7. Bd3 Bb7 8. e4 Bb4 9. exd5 exd5 10. 0-0 0-0 11. Rfe1 Bd6 12. Bg5 Nbd7 13. Ne5 Qc7 14. f4 a6 15. Qf2 h6 16. Bxh6 gxh6 17. Qg3+ Kh8 18. Qh3 Kg7 19. Qg3+ Kh8 20. Qh3 Kg7 21. Bf5 Bc8 22. Qg3+ Kh8 23. Qh3 Kg7 24. Qg3+ Kh8 25. Qh3 1/2-1/2

[Event "Ufa-ch"]
[Site "Ufa"]
[Date "2015.01.06"]
[Round "3"]
[White "Litvinov, Maxim"]
[Black "Vildanov, Ruslan"]
[Result "1/2-1/2"]
[WhiteElo "2024"]
[BlackElo "1963"]
[PlyCount "144"]
[EventDate "2015.01.05"]
[EventType "tourn"]
[EventRounds "10"]
[EventCountry "RUS"]
[SourceTitle "CBM 164 Extra"]
[Source "ChessBase"]
[SourceDate "2015.03.02"]
[SourceVersion "1"]
[SourceVersionDate "2015.03.02"]
[SourceQuality "1"]

1. e4 e5 2. Nf3 Nc6 3. Nc3 Nf6 4. Be2 d5 5. exd5 Nxd5 6. 0-0 Nxc3 7. bxc3 Bd6 8. d4 exd4 9. cxd4 0-0 10. Bg5 f6 11. Bh4 Kh8 12. c3 Ne7 13. Bg3 Bxg3 14. hxg3 Bg4 15. Qb3 b6 16. Rfe1 Nc6 17. Bb5 Na5 18. Qc2 g6 19. Qe4 Bf5 20. Qe2 c6 21. Bd3 Bxd3 22. Qxd3 Qd7 23. Re4 Rae8 24. Rae1 Kg7 25. g4 h6 26. Nh4 Qf7 27. Qe3 Nc4 28. Qf4 Rxe4 29. Qxe4 Rc8 30. Nxg6 Nd6 31. Qf4 Kxg6 32. Qxd6 Re8 33. Re5 Kg7 34. Rxe8 Qxe8 35. Qc7+ Kg6 36. Kh2 Qe1 37. Qxc6 Qxf2 38. Qe4+ Kg7 39. a4 Qd2 40. Qb7+ Kg6 41. Qxa7 Qe1 42. Qa6 Qh4+ 43. Kg1 Qe1+ 44. Qf1 Qxc3 45. Qd1 Kf7 46. Kh2 Ke6 47. Qe2+ Kd5 48. Qb5+ Kxd4 49. Qxb6+ Kd5 50. a5 Qe5+ 51. Kh3 Qc3+ 52. g3 Qe1 53. Kg2 Qe4+ 54. Kf2 Qc2+ 55. Kg1 Qe2 56. Qxf6 Qxg4 57. Kf2 Qh3 58. a6 Qh2+ 59. Kf3 Qh1+ 60. Kg4 Kc5 61. Qf3 h5+ 62. Kf4 Qa1 63. Qxh5+ Kb6 64. Qg6+ Ka7 65. Qc6 Qd4+ 66. Kg5 Qd2+ 67. Kg6 Qd3+ 68. Kf7 Qh7+ 69. Ke8 Qg8+ 70. Kd7 Qg7+ 71. Kd8 Qg8+ 72. Qe8 Qxg3 1/2-1/2

[Event "Samara Polugaevsky Memorial 4th"]
[Site "Samara"]
[Date "2014.07.05"]
[Round "4"]
[White "Severina, Maria"]
[Black "Vildanov, Ruslan"]
[Result "1-0"]
[WhiteElo "2221"]
[BlackElo "2014"]
[PlyCount "63"]
[EventDate "2014.07.02"]
[EventType "swiss"]
[EventRounds "9"]
[EventCountry "RUS"]
[SourceTitle "CBM 161 Extra"]
[Source "ChessBase"]
[SourceDate "2014.08.29"]
[SourceVersion "1"]
[SourceVersionDate "2014.08.29"]
[SourceQuality "1"]

1. Nf3 Nf6 2. c4 c5 3. Nc3 e6 4. g3 b6 5. Bg2 Bb7 6. 0-0 a6 7. d4 cxd4 8. Qxd4 d6 9. Bg5 Nbd7 10. Nd2 Bxg2 11. Kxg2 Rc8 12. Nce4 Rc6 13. b4 b5 14. cxb5 axb5 15. a4 e5 16. Qd3 bxa4 17. b5 Rc8 18. Nc4 Nc5 19. Nexd6+ Bxd6 20. Nxd6+ Kf8 21. Qf5 Rc7 22. Qxe5 Ne6 23. Bxf6 gxf6 24. Qd5 Rc5 25. Qd2 h5 26. h4 Rxb5 27. Rxa4 Re5 28. Ra7 Nc7 29. Rc1 Re7 30. Qd3 Rd7 31. Nxf7 Qe7 32. Nxh8 1-0

[Event "Samara Polugaevsky Memorial 4th"]
[Site "Samara"]
[Date "2014.07.04"]
[Round "3"]
[White "Vildanov, Ruslan"]
[Black "Demianjuk, Alexander"]
[Result "0-1"]
[WhiteElo "2014"]
[BlackElo "2359"]
[PlyCount "132"]
[EventDate "2014.07.02"]
[EventType "swiss"]
[EventRounds "9"]
[EventCountry "RUS"]
[SourceTitle "CBM 161 Extra"]
[Source "ChessBase"]
[SourceDate "2014.08.29"]
[SourceVersion "1"]
[SourceVersionDate "2014.08.29"]
[SourceQuality "1"]

1. d4 Nf6 2. c4 e6 3. Nc3 Bb4 4. f3 c5 5. d5 0-0 6. e4 b5 7. Bg5 h6 8. Bh4 d6 9. Bd3 exd5 10. cxd5 c4 11. Bc2 Bc5 12. Nge2 Nbd7 13. Nd4 Qb6 14. Bf2 Ne5 15. 0-0 Bd7 16. Nce2 a5 17. Kh1 Rfe8 18. Bg1 h5 19. Ng3 g6 20. Qd2 Nh7 21. f4 Nd3 22. Bxd3 Bxd4 23. Bc2 Bxg1 24. Rxg1 h4 25. Ne2 Nf6 26. f5 Nxe4 27. Bxe4 Rxe4 28. fxg6 fxg6 29. Qh6 Bf5 30. Nf4 Qd4 31. Raf1 Qg7 32. Qxh4 Qxb2 33. Qg5 Rxf4 34. Rxf4 Qe5 35. Qh4 Re8 36. Rff1 c3 37. Re1 Be4 38. Rgf1 c2 39. Qf2 Qxd5 40. h3 Qe6 41. Kg1 d5 42. Qd4 b4 43. Rf6 Qe5 44. Qb6 Kg7 45. Rc6 Qg3 46. Re2 Rf8 47. Rc7+ Kh6 48. Qa7 Rf7 49. Rexc2 Rxc7 50. Qxc7 Qe1+ 51. Kh2 Bxc2 52. Qf4+ Kg7 53. Qc7+ Kf6 54. Qc6+ Qe6 55. Qxc2 Qe5+ 56. Kh1 Qe1+ 57. Kh2 d4 58. Qc6+ Qe6 59. Qf3+ Kg7 60. Qb7+ Kh6 61. Qc7 Qd5 62. Qf4+ Kg7 63. Qc7+ Kf6 64. Qf4+ Ke6 65. Qg4+ Qf5 66. Qd1 d3 0-1

[Event "Samara Polugaevsky Memorial 4th"]
[Site "Samara"]
[Date "2014.07.03"]
[Round "2"]
[White "Mikheev, Stanislav Valerievi"]
[Black "Vildanov, Ruslan"]
[Result "0-1"]
[WhiteElo "2240"]
[BlackElo "2014"]
[PlyCount "30"]
[EventDate "2014.07.02"]
[EventType "swiss"]
[EventRounds "9"]
[EventCountry "RUS"]
[SourceTitle "CBM 161 Extra"]
[Source "ChessBase"]
[SourceDate "2014.08.29"]
[SourceVersion "1"]
[SourceVersionDate "2014.08.29"]
[SourceQuality "1"]

1. d4 Nf6 2. c4 e6 3. Nf3 c5 4. d5 d6 5. Nc3 exd5 6. cxd5 g6 7. Bf4 Bg7 8. Qa4+ Bd7 9. Qb3 Qc7 10. Bxd6 Qxd6 11. Qxb7 Qb6 12. Qxa8 Qxb2 13. Rd1 Qxc3+ 14. Nd2 0-0 15. e3 Ba4 0-1

[Event "Ufa Winter Cup City"]
[Site "Ufa"]
[Date "2013.12.22"]
[Round "7.5"]
[White "Avkhadiev, Airat"]
[Black "Vildanov, Ruslan"]
[Result "1-0"]
[WhiteElo "1874"]
[BlackElo "1963"]
[PlyCount "81"]
[EventDate "2013.12.14"]
[EventType "tourn"]
[EventRounds "9"]
[EventCountry "RUS"]
[SourceTitle "EXT 2022"]
[Source "ChessBase"]
[SourceDate "2021.10.06"]
[SourceVersion "1"]
[SourceVersionDate "2021.10.06"]
[SourceQuality "1"]

1. e4 c5 2. Nf3 e6 3. d4 cxd4 4. Nxd4 Nf6 5. Nc3 d6 6. Be2 Be7 7. Be3 a6 8. a4 0-0 9. 0-0 Qc7 10. f4 Nc6 11. Kh1 Re8 12. g4 Bf8 13. Bf3 Nd7 14. Qe2 g6 15. Qf2 Bg7 16. Rad1 Rb8 17. g5 Nb4 18. f5 Ne5 19. f6 Bf8 20. Qh4 Nc4 21. Bc1 e5 22. Nde2 Nxc2 23. Nd5 Qc5 24. Rd3 Nb4 25. Rc3 Na2 26. Rc2 Nb4 27. Be3 Qxe3 28. Nxe3 Nxe3 29. Rcc1 Nxf1 30. Rxf1 Be6 31. Nc3 Nd3 32. Nd1 Rbc8 33. Ne3 Nxb2 34. Bg4 Nc4 35. Bxe6 Nxe3 36. Bxf7+ Kxf7 37. Qxh7+ Ke6 38. Qxg6 Nxf1 39. Qf5+ Kf7 40. g6+ Kg8 41. f7+ 1-0

[Event "Ufa SFGU Cup tt"]
[Site "Ufa"]
[Date "2012.12.03"]
[Round "1"]
[White "Khasanshin, Airat"]
[Black "Vildanov, Ruslan"]
[Result "0-1"]
[WhiteElo "1808"]
[BlackElo "1888"]
[PlyCount "84"]
[EventDate "2012.12.03"]
[EventType "team-swiss"]
[EventRounds "7"]
[EventCountry "RUS"]
[SourceTitle "CBM 152 Extra"]
[Source "ChessBase"]
[SourceDate "2013.02.25"]
[SourceVersion "1"]
[SourceVersionDate "2013.02.25"]
[SourceQuality "1"]

1. d4 Nf6 2. Nf3 e6 3. e3 c5 4. c3 Nc6 5. a3 b6 6. Bd3 Be7 7. 0-0 0-0 8. Nbd2 Bb7 9. h3 Qc7 10. Ne4 Nxe4 11. Bxe4 f5 12. Bc2 Ba6 13. Re1 d5 14. Nd2 Rad8 15. f4 Bh4 16. Nf3 Bxe1 17. Qxe1 Qe7 18. Bd2 Na5 19. b3 Rc8 20. Bd1 Bd3 21. Qf2 c4 22. b4 Nb3 23. Bxb3 cxb3 24. Qe1 b2 25. Rb1 Bxb1 26. Qxb1 a5 27. Qxb2 axb4 28. axb4 Ra8 29. Kh2 Ra4 30. Qc2 Rfa8 31. Qd3 Ra2 32. Be1 Rb2 33. Bh4 Qe8 34. Qf1 Raa2 35. Be1 Qg6 36. Nh4 Qe8 37. c4 Qc6 38. c5 Re2 39. b5 Qxb5 40. cxb6 Qxb6 41. Bg3 Qb2 42. Qf3 Qd2 0-1

[Event "Sterlitamak Rochinskiy op"]
[Site "Sterlitamak"]
[Date "2012.06.30"]
[Round "9"]
[White "Khannanov, Ruslan"]
[Black "Vildanov, Ruslan"]
[Result "1/2-1/2"]
[WhiteElo "1792"]
[BlackElo "1888"]
[PlyCount "29"]
[EventDate "2012.06.22"]
[EventType "swiss"]
[EventRounds "9"]
[EventCountry "RUS"]
[SourceTitle "EXT 2013"]
[Source "ChessBase"]
[SourceDate "2012.11.22"]
[SourceVersion "1"]
[SourceVersionDate "2012.11.22"]
[SourceQuality "1"]

1. b4 e5 2. Bb2 Bxb4 3. Bxe5 Nf6 4. Nf3 0-0 5. Bb2 d5 6. e3 c5 7. Be2 Nc6 8. 0-0 Be6 9. d4 Ne4 10. a3 Ba5 11. dxc5 Bc7 12. Nc3 Nxc5 13. Nb5 Bb8 14. Nbd4 Nxd4 15. Qxd4 1/2-1/2

[Event "Ufa RDYSH HL-ch"]
[Site "Ufa"]
[Date "2012.06.17"]
[Round "9"]
[White "Valiullin, Artur"]
[Black "Vildanov, Ruslan"]
[Result "1/2-1/2"]
[WhiteElo "1967"]
[BlackElo "1935"]
[PlyCount "59"]
[EventDate "2012.06.13"]
[EventType "swiss"]
[EventRounds "9"]
[EventCountry "RUS"]
[SourceTitle "EXT 2014"]
[Source "ChessBase"]
[SourceDate "2013.11.20"]
[SourceVersion "1"]
[SourceVersionDate "2013.11.20"]
[SourceQuality "1"]

1. e4 c5 2. Nf3 e6 3. d3 Nc6 4. g3 g6 5. Bg2 Bg7 6. 0-0 d6 7. c3 Nge7 8. Be3 0-0 9. Qd2 b6 10. Bh6 d5 11. Bxg7 Kxg7 12. Qe2 Ba6 13. exd5 exd5 14. Na3 Qc7 15. Rfe1 Rad8 16. Rad1 Rfe8 17. Nc2 Nf5 18. Qd2 Rxe1+ 19. Rxe1 d4 20. g4 dxc3 21. Qxc3+ Nfd4 22. Nfxd4 Nxd4 23. b4 Qd7 24. bxc5 bxc5 25. Qxc5 Nxc2 26. Qxc2 Qxg4 27. Qc3+ Qd4 28. Qxd4+ Rxd4 29. Re7 Rxd3 30. h3 1/2-1/2

[Event "Ufa RDYSH HL-ch"]
[Site "Ufa"]
[Date "2012.06.16"]
[Round "8"]
[White "Vildanov, Ruslan"]
[Black "Iskhakov, Artur"]
[Result "1-0"]
[WhiteElo "1935"]
[BlackElo "1887"]
[PlyCount "39"]
[EventDate "2012.06.13"]
[EventType "swiss"]
[EventRounds "9"]
[EventCountry "RUS"]
[SourceTitle "EXT 2014"]
[Source "ChessBase"]
[SourceDate "2013.11.20"]
[SourceVersion "1"]
[SourceVersionDate "2013.11.20"]
[SourceQuality "1"]

1. d4 d5 2. c4 dxc4 3. Nf3 Nf6 4. e3 e6 5. Bxc4 c5 6. 0-0 a6 7. a4 Nc6 8. Qe2 cxd4 9. Rd1 Be7 10. exd4 0-0 11. Nc3 Nb4 12. Bg5 Bd7 13. d5 Nbxd5 14. Nxd5 exd5 15. Bxd5 Nxd5 16. Rxd5 Re8 17. Qd3 Bxg5 18. Nxg5 g6 19. Nxf7 Qe7 20. Rxd7 1-0

[Event "Ufa RDYSH HL-ch"]
[Site "Ufa"]
[Date "2012.06.15"]
[Round "5"]
[White "Valiullin, Albert"]
[Black "Vildanov, Ruslan"]
[Result "1-0"]
[WhiteElo "1905"]
[BlackElo "1935"]
[PlyCount "129"]
[EventDate "2012.06.13"]
[EventType "swiss"]
[EventRounds "9"]
[EventCountry "RUS"]
[SourceTitle "EXT 2014"]
[Source "ChessBase"]
[SourceDate "2013.11.20"]
[SourceVersion "1"]
[SourceVersionDate "2013.11.20"]
[SourceQuality "1"]

1. e4 c5 2. Nf3 e6 3. d4 cxd4 4. c3 Nf6 5. e5 Nd5 6. cxd4 d6 7. Nc3 Nxc3 8. bxc3 Nc6 9. Bb5 Qa5 10. Qb3 Bd7 11. exd6 Bxd6 12. 0-0 0-0 13. Bd3 b6 14. Qc2 Qh5 15. Qe2 e5 16. d5 Ne7 17. c4 f5 18. Nd2 Qg6 19. Nb3 e4 20. Bc2 Qf6 21. Rb1 Qe5 22. f4 Qf6 23. Be3 Rac8 24. Bd4 Qh6 25. g3 Be8 26. Rf2 Bh5 27. Qf1 Ng6 28. Bd1 Rfe8 29. Bxh5 Qxh5 30. Be3 Qg4 31. Kh1 h5 32. Rc1 Ne7 33. Qe2 Qg6 34. a4 Qf7 35. a5 Nxd5 36. cxd5 Qxd5 37. Rxc8 Rxc8 38. Nd4 Bc5 39. Qa2 Qxa2 40. Rxa2 g6 41. axb6 Bxb6 42. Bf2 Re8 43. Nb5 e3 44. Be1 Rd8 45. Kg2 Rd1 46. Bc3 Rc1 47. Bd4 Rb1 48. Bxb6 axb6 49. Nc3 Rb3 50. Nd5 b5 51. Kf3 b4 52. Nxe3 Rc3 53. Rb2 b3 54. Ke2 Kg7 55. Kd2 Rc8 56. Rxb3 h4 57. gxh4 Rh8 58. Ng2 Ra8 59. Ke3 Ra2 60. Kf3 Kf6 61. Kg3 Ra5 62. Ne1 Ra1 63. Nf3 Ra5 64. Ne5 Ra6 65. Rb6+ 1-0

[Event "Ufa RDYSH HL-ch"]
[Site "Ufa"]
[Date "2012.06.13"]
[Round "2"]
[White "Vildanov, Ruslan"]
[Black "Khasanshin, Amir"]
[Result "1-0"]
[WhiteElo "1935"]
[BlackElo "1737"]
[PlyCount "81"]
[EventDate "2012.06.13"]
[EventType "swiss"]
[EventRounds "9"]
[EventCountry "RUS"]
[SourceTitle "EXT 2014"]
[Source "ChessBase"]
[SourceDate "2013.11.20"]
[SourceVersion "1"]
[SourceVersionDate "2013.11.20"]
[SourceQuality "1"]

1. e4 e5 2. Nf3 Nc6 3. Bb5 a6 4. Ba4 Nf6 5. 0-0 Be7 6. Re1 b5 7. Bb3 0-0 8. c3 Bb7 9. d4 d6 10. Nbd2 Re8 11. a4 Bf8 12. Ng5 d5 13. exd5 Na5 14. dxe5 Nxb3 15. Nxb3 Qxd5 16. Qxd5 Nxd5 17. f4 bxa4 18. Rxa4 Nb6 19. Rd4 Bd5 20. Nd2 Bc5 21. Nge4 Bxd4+ 22. cxd4 Rad8 23. Nc5 a5 24. Nf1 Nd7 25. Na6 Rc8 26. Bd2 Re6 27. Nc5 Nxc5 28. dxc5 Rb8 29. Ne3 c6 30. Nxd5 cxd5 31. Bxa5 Rxb2 32. f5 Ra6 33. e6 fxe6 34. fxe6 Kf8 35. Bc7 Rb4 36. Bd6+ Ke8 37. Rf1 Rxd6 38. cxd6 Rb6 39. d7+ Ke7 40. Rf7+ Kxe6 41. d8Q 1-0

[Event "Ufa-ch FL"]
[Site "Ufa"]
[Date "2011.11.27"]
[Round "7.5"]
[White "Vildanov, Ruslan"]
[Black "Tagirov, Kajum K"]
[Result "0-1"]
[WhiteElo "1955"]
[BlackElo "1898"]
[PlyCount "100"]
[EventDate "2011.11.20"]
[EventType "swiss"]
[EventRounds "9"]
[EventCountry "RUS"]
[SourceTitle "EXT 2022"]
[Source "ChessBase"]
[SourceDate "2021.10.06"]
[SourceVersion "1"]
[SourceVersionDate "2021.10.06"]
[SourceQuality "1"]

1. e4 c5 2. Nf3 d6 3. d4 cxd4 4. Nxd4 Nf6 5. Nc3 g6 6. Be3 Bg7 7. f3 Nc6 8. Qd2 0-0 9. Bc4 Bd7 10. 0-0-0 Na5 11. Bb3 Rb8 12. g4 b5 13. h4 Nc4 14. Bxc4 bxc4 15. Nce2 Qb6 16. c3 Qa6 17. Kb1 Rb7 18. Ka1 Rfb8 19. Rb1 Ba4 20. h5 Nd7 21. hxg6 hxg6 22. Bh6 Bh8 23. Bf8 Nxf8 24. Rxh8+ Kxh8 25. Qh6+ Kg8 26. Nf5 gxf5 27. gxf5 Rxb2 28. Rxb2 Rxb2 29. Kxb2 Nd7 30. Qg5+ Kf8 31. Qh6+ Ke8 32. Qh8+ Nf8 33. Nd4 Bd7 34. a3 Qb6+ 35. Ka2 Qc5 36. f4 e5 37. fxe6 fxe6 38. e5 dxe5 39. fxe5 Qe7 40. Qh1 Qg5 41. Qa8+ Ke7 42. Qxa7 Qd2+ 43. Kb1 Qxc3 44. Qc5+ Ke8 45. Nc6 Qb3+ 46. Kc1 Bxc6 47. Qxc6+ Kf7 48. a4 c3 49. Qf3+ Ke8 50. Qc6+ Nd7 0-1

[Event "Ufa-ch FL"]
[Site "Ufa"]
[Date "2011.11.25"]
[Round "5.10"]
[White "Vildanov, Ruslan"]
[Black "Zhuravlev, Andrey"]
[Result "1-0"]
[WhiteElo "1955"]
[BlackElo "1672"]
[PlyCount "61"]
[EventDate "2011.11.20"]
[EventType "swiss"]
[EventRounds "9"]
[EventCountry "RUS"]
[SourceTitle "EXT 2022"]
[Source "ChessBase"]
[SourceDate "2021.10.06"]
[SourceVersion "1"]
[SourceVersionDate "2021.10.06"]
[SourceQuality "1"]

1. e4 e6 2. d4 d5 3. Nc3 Bb4 4. e5 c5 5. a3 Bxc3+ 6. bxc3 c4 7. Nf3 Ne7 8. Be2 Nbc6 9. 0-0 0-0 10. a4 Ng6 11. Ba3 Re8 12. Qd2 Nce7 13. Rfb1 Nf5 14. Bf1 b6 15. Ne1 Bd7 16. a5 bxa5 17. Bc5 a6 18. Bb6 Qh4 19. g3 Qe7 20. Bxa5 Bb5 21. Bh3 Nh6 22. f4 f5 23. exf6 Qxf6 24. Nf3 Nf7 25. Bb4 Nf8 26. Re1 Nd8 27. Re3 Qh6 28. Kg2 Rc8 29. Rae1 Bd7 30. R1e2 Qg6 31. Ne5 1-0